000 00322nam a22001337a 4500
008 181107b xxu||||| |||| 00| 0 eng d
020 _a9780071441230
041 _aeng
080 _2.3 TH
_a610
100 _a3
101 _aSHM
245 _aTherapeutic Modalities In Rehabilitation
_cWilliam.E.P
942 _2udc
_cBK
999 _c52137
_d52137